NBA Raptors draft picks (since 2000) - Statistics

General Stats
  • This quiz has been taken 10 times
  • The average score is 7 of 36
Answer Stats
year round pick Answer % Correct
2009 1 9 DeMar DeRozan
100%
2016 1 27 Pascal Siakam
90%
2021 1 4 Scottie Barnes
90%
2003 1 4 Chris Bosh
60%
2006 1 1 Andrea Bargnani
50%
2011 1 5 Jonas Valančiūnas
50%
2017 1 23 OG Anunoby
50%
2012 1 8 Terrence Ross
50%
2021 2 47 David Johnson
30%
2020 1 29 Malachi Flynn
20%
2000 1 21 Morris Peterson
20%
2014 1 20 Bruno Caboclo
10%
2005 1 7 Charlie Villanueva
10%
2022 2 33 Christian Koloko
10%
2015 1 20 Delon Wright
10%
2010 1 13 Ed Davis
10%
2005 1 16 Joey Graham
10%
2006 2 35 P. J. Tucker
10%
2012 2 37 Quincy Acy
10%
2004 1 8 Rafael Araújo
10%
2005 2 41 Roko Ukić
10%
2004 2 39 Albert Miralles
0%
2021 2 46 Dalano Banton
0%
2014 2 37 DeAndre Daniels
0%
2000 2 46 DeeAndre Hulett
0%
2019 2 59 Dewan Hernandez
0%
2006 2 56 Edin Bavčić
0%
2016 1 9 Jakob Pöltl
0%
2020 2 59 Jalen Harris
0%
2002 1 20 Kareem Rush
0%
2001 1 17 Michael Bradley
0%
2003 2 52 Remon Van de Hare
0%
2008 1 17 Roy Hibbert
0%
2012 2 56 Tomislav Zubčić
0%
2005 2 58 Uros Slokar
0%
2014 2 59 Xavier Thames
0%
No matching quizzes found
Score Distribution
Percent of People with Each Score
Percentile by Number Answered
Your Score History
You have not taken this quiz